| 000 | 00370nam a2200145Ia 4500 | ||
|---|---|---|---|
| 005 | 20251222143219.0 | ||
| 008 | 251222s9999||||xx |||||||||||||| ||spa|| | ||
| 020 | _a968-16-0744-9 | ||
| 082 | _a870.9/M58 | ||
| 100 | _aMillares Carlo, AgustÃn | ||
| 245 | 0 | _aHistoria de la Literatura Latina | |
| 250 | _a4a.ed. | ||
| 264 | _bFondo de Cultura Económica | ||
| 942 | _cLIB | ||
| 999 |
_c13730 _d13730 |
||